| 000 | 00698nab a2200229 a 4500 | ||
|---|---|---|---|
| 005 | 20210219161101.0 | ||
| 008 | 991125s1985 mx 000 0 spa u | ||
| 035 | _aUPN01000178507 | ||
| 100 | 1 | _aReyes Romero, Layla Geysel | |
| 222 | _aENTRE MAESTROS : | ||
| 222 | _bREVISTA PARA MAESTROS DE EDUCACION BASICA | ||
| 245 | _aUna propuesta pedagógica acerca de la concepción de seres vivos en niños preescolares | ||
| 260 | _aMéxico | ||
| 300 | _a16-21 | ||
| 362 | 0 | _a2009-2010 Vol. 9, no. 31, dic.-mar. | |
| 653 | 0 | _aESTRATEGIAS DE ENSEÑANZA | |
| 653 | 0 | _aEDUCACION PREESCOLAR | |
| 653 | 0 | _aCONSTRUCTIVISMO | |
| 700 | 1 | _aLópez, Daniel, | |
| 700 | 1 | _ecoaut. | |
| 905 | _aArticulo | ||
| 999 |
_c150610 _d150610 |
||